MDQL
is popping MORE tags! Check the
thread
!
Quizzes
Events
Quiz Creation
Community
Videos
Private Events
Remove Ads
Sign In
Join for FREE
Feedback
Dark Mode
Quiz Categories
Sports
Geography
Music
Movies
Television
Just For Fun
Miscellaneous
History
Literature
Language
Science
Gaming
Entertainment
Religion
Holiday
For Kids
Quiz Lab
Recent
Popular Today
Quiz Kudos Today
Editor Picks
Curator Picks
Quizzes by...
Day
Popularity
Type
Ratings
Length
Year
Community
Subscriptions
Recent Discussions
Orange Saloon
Badges
Playlists
Quests
Create
Leaderboards
Showdown
Live 5
Trivia Bingo
Activity
Puzzle Library
Sporcle Events
Private Events
Virtual Trivia
Globe League
Become a Host
Pub Owners
SporcleCon
Opinionation
Our Games
Videos
Blog
Mobile Apps
Partnerships
Remove Ads and Go Orange
Feedback
Miscellaneous
Crossword
General Knowledge
Baby Names
Logo
Food
Cars
Numbers
Grab Bag
University
College
Popular
Company
Slogans
Restaurants
Justice
Letter
Miscellaneous
Crossword
General Knowledge
Baby Names
Logo
Food
Cars
Numbers
Grab Bag
University
College
Popular
Company
Slogans
Restaurants
Justice
Letter
Random Quiz
Search Sporcle
×
Quiz Lab
Quiz Lab
Miscellaneous
Pokémon
Type in answers that appear in a list
Type in answers that appear in a list
Classic
Best Score? Go Orange.
Pokemon by gender Stats
Can you name the pokemon that have a particular gender (or neutral gender)?
By
kboom89
12m
82 Questions
107 Plays
107 Plays
107 Plays
Comments
Comments
Give Quiz Kudos
Give Quiz Kudos
-
- Ratings
hide this ad
Replay
Link that replays current quiz
Next Quiz
Link to next quiz in quiz playlist
You Got
0%
They Got
Avg Score
44%
Avg Friend Score
Upgrade to see
Score Distribution
Jump to the score distribution portion of the page
Score
0/82
Timer
12:00
0
Plays Today
% Correct
Nidoran♂
72%
Nidoran♀
72%
Mew
69.2%
Mewtwo
67.3%
Nidoking
61.7%
Nidorino
60.7%
Nidoqueen
60.7%
Zapdos
60.7%
Nidorina
59.8%
Articuno
59.8%
Moltres
59.8%
Magnemite
55.1%
Magneton
54.2%
Jynx
53.3%
Suicune
50.5%
Lugia
49.5%
Kyogre
49.5%
Latios
48.6%
Latias
48.6%
Ditto
48.6%
Raikou
48.6%
Entei
48.6%
Ho-Oh
48.6%
Groudon
48.6%
Rayquaza
47.7%
Chansey
46.7%
Jirachi
44.9%
Tauros
43.9%
% Correct
Voltorb
43.9%
Dialga
43.9%
Darkrai
43.9%
Giratina
43%
Regice
42.1%
Registeel
42.1%
Uxie
42.1%
Mesprit
42.1%
Palkia
42.1%
Blissey
41.1%
Electrode
41.1%
Magnezone
41.1%
Celebi
41.1%
Regirock
41.1%
Regigigas
41.1%
Shaymin
41.1%
Arceus
41.1%
Miltank
40.2%
Cresselia
40.2%
Porygon
40.2%
Deoxys
40.2%
Kangaskhan
39.3%
Manaphy
39.3%
Azelf
39.3%
Smoochum
38.3%
Happiny
38.3%
Froslass
38.3%
Phione
38.3%
% Correct
Gallade
37.4%
Hitmonlee
36.4%
Metang
36.4%
Metagross
36.4%
Porygon 2
35.5%
Beldum
35.5%
Hitmonchan
34.6%
Hitmontop
34.6%
Vespiquen
34.6%
Mothim
33.6%
Porygon-Z
32.7%
Illumise
31.8%
Wormadam
31.8%
Bronzor
30.8%
Bronzong
30.8%
Volbeat
29.9%
Rotom
29.9%
Tyrogue
28%
Unown
28%
Staryu
27.1%
Starmie
26.2%
Solrock
26.2%
Lunatone
25.2%
Baltoy
24.3%
Claydol
23.4%
Shedinja
17.8%
Quiz Playlist
Details
Report
Send in Message
Add To Playlist
Classic:
Type in answers that appear in a list
Last Updated: Feb 16, 2017
Quiz Scoreboard
CHALLENGE
Sign Up to Join the Scoreboard
Show All
Scores
Hide
Comments
May contain spoilers
Recently Published
5x2 Blitz: Bands
by SL_Kpop136
Music
30s
Colored Red Africa Blitz
by spor1
Geography
30s
Find the 'City' Movie
by crazypaving
Movies
60s
More to Explore
Quiz From the Vault
Featured Blog Post
14 Easter Pick-up Lines to Find Eggs With
hide this ad
You Might Also Like...
Tags
Pokémon Quiz
Gender
neutral
particular
Today's Top Quizzes in Miscellaneous
Browse Miscellaneous
hide this ad
Today's Top Quizzes in Pokémon
Browse Pokémon
Top Contributed Quizzes in Miscellaneous
1
5-to-1: Fast Food
2
The JOE quick-fire general knowledge quiz: Day 174
3
9x9 Crossword: Disney Movie Titles
4
9x9 Crossword: Charlie and the Chocolate Factory
5
9x9 Crossword: 2022 Movies
6
9x9 Crossword: Pixar Movie Titles
7
9x9 Crossword: Actors
8
9x9 Crossword: Flags
9
9x9 Crossword: Mario
10
9x9 Crossword: The Simpsons
Explore More
Trending Topics
Disney
Harry Potter
Marvel
Crossword
NBA
Kpop
Anime
Soccer
The Office
WWE
NFL
Pokémon
Country
Song
Puzzle
hide this ad
More By:
kboom89
Quiz
Plays
Rating
Category
Featured
Created
Chevelle Song Lyrics
379
5.00
Music
Nov 24, 2010
Pokemon Evolution Items
358
2.33
Gaming
Nov 24, 2010
Pokemon Evolution Level Challenge
270
3.25
Gaming
Nov 24, 2010
Pokemon Special Attack Moves
259
Gaming
Nov 24, 2010
Pokemon Physical Moves
243
5.00
Gaming
Nov 24, 2010
Go to Creator's Profile
Score Distribution
Quiz Creator Spotlight
kboom89
Follow
Send a Message
Quizzes Created
-
Created Quiz Play Count
-
More By This Creator
Popular Quizzes Today
1
Colored Red Africa Blitz
2
Find the 'City' Movie
3
5x2 Blitz: Bands
4
Find the US States - No Outlines Minefield
5
The Countries of the World
6
Find the US States
7
US States
8
Find the Countries of Europe - No Outlines Minefield
More Miscellaneous Quizzes
Progressively Harder Maths Questions
Quiz Lab
Trending Quizzes
Colored Red Europe Blitz I
Colored Red Europe Blitz II
Colored Red Africa Blitz II
Colored Red Europe Blitz III
Colored Red Africa Blitz III
Recently Updated
How Do You Spell That?
pecheneg
Godzilla Movies
pecheneg
Grab Bag: 4-10 Letters
pecheneg
2024 March Madness Bracket
pecheneg
Famous TV Couples
Peacemaker
Champions League XIs: Real Madrid
pecheneg
Largest US Cities 1790-2010
pecheneg
Rides in Walt Disney World
pecheneg
Most Oscar Losses (Acting)
pecheneg
Beyoncé Albums
pecheneg
Trending Topics
NBA
Crossword
Harry Potter
Kpop
Anime
Disney
Marvel
Country
Soccer
NFL
The Office
Puzzle
WWE
Song
Pokémon
Your Account Isn't Verified!
In order to create a playlist on Sporcle, you need to verify the email address you used during registration. Go to your
Sporcle Settings
to finish the process.
Report this User
Report this user for behavior that violates our
Community Guidelines
.
Details:
Send Report
Go to the Sporcle.com Mobile Site →
Comments